000 00937nam a2200265 a 4500
001 000024276
005 20200930022853.0
008 110125s2002 mx r 000 | spa d
020 _a9682708559
040 _aDO-SdBNP
_bspa
_cBNPHU
082 _a928
_bD542c
100 1 _aDíaz del Castillo, Bernal,
_d1492-158?
_949832
245 1 0 _aCortés y Moctezuma /
_cBernal Díaz del Castillo.
260 _aMéxico, D. F. :
_bPlaneta ;
_bJoaquín Mortiz,
_c2002.
300 _a127 p. ;
_c21 cm.
490 1 _aRonda de Clásicos Mexicanos
500 _aIncluye notas al pie de páginas
500 _aIncluye índice
600 1 4 _aCORTÉS, HERNÁN, 1485-1547.
_xBIOGRAFÍA
_949833
600 1 4 _aMOCTEZUMA II, EMPERADOR DE MÉXICO, 1466-1520
_xBIOGRAFÍA
_949834
650 4 _aMéxico
_xHistoria
_xDescubrimiento y conquista, 1517-1521
_949835
710 2 _aConaculta
_949836
830 0 _aRonda de Clásicos Mexicanos
_949837
049 _aBNGR
999 _c23770
_d23770